[Event "Cambridge op 3rd"]
[Site "Cambridge"]
[Date "2025.05.28"]
[Round "5"]
[White "Adams, Henry"]
[Black "Lazarus, Simon E"]
[Result "0-1"]
[WhiteElo "2144"]
[BlackElo "1874"]
[PlyCount "94"]
[EventDate "2025.05.26"]
[EventType "tourn"]
[EventRounds "9"]
[EventCountry "ENG"]
[SourceTitle "CB23_2025"]
[SourceDate "2025.06.04"]
[SourceVersion "1"]
[SourceVersionDate "2025.06.04"]
[SourceQuality "1"]

1. d4 Nf6 2. c4 c5 3. d5 e6 4. Nc3 exd5 5. cxd5 d6 6. g3 g6 7. Bg2 Bg7 8. Nf3 0-0 9. 0-0 a6 10. a4 Re8 11. Bf4 Ne4 12. Nxe4 Rxe4 13. Nd2 Rb4 14. Ra2 Qe7 15. b3 Nd7 16. Nc4 Ne5 17. Nxe5 Bxe5 18. Bd2 a5 19. Bxb4 axb4 20. Qc2 Bd7 21. Be4 Bc3 22. Bd3 Kg7 23. e4 Bh3 24. Rd1 h5 25. Bf1 Bg4 26. Rd3 Qf6 27. Be2 Re8 28. f3 Bh3 29. Qd1 Bd7 30. Rc2 h4 31. Rdxc3 bxc3 32. Qd3 hxg3 33. hxg3 Qd4+ 34. Kg2 f5 35. Rxc3 fxe4 36. Qxd4+ cxd4 37. Rc7 Re7 38. Kg1 d3 39. Bf1 d2 40. Be2 e3 41. Rxb7 Kf6 42. g4 Bc8 43. g5+ Kf7 44. Rxe7+ Kxe7 45. b4 Bf5 46. b5 Bd3 47. Kf1 d1Q+ 0-1

[Event "Reykjavik op"]
[Site "Reykjavik"]
[Date "2025.04.15"]
[Round "9"]
[White "Migot, Tangi"]
[Black "Adams, Henry"]
[Result "1-0"]
[WhiteElo "2347"]
[BlackElo "2077"]
[PlyCount "63"]
[EventDate "2025.04.09"]
[EventType "swiss"]
[EventRounds "9"]
[EventCountry "ISL"]
[SourceTitle "CB17_2025"]
[SourceDate "2025.04.23"]
[SourceVersion "1"]
[SourceVersionDate "2025.04.23"]
[SourceQuality "1"]

1. e4 e5 2. Nf3 Nc6 3. Bb5 a6 4. Ba4 Nf6 5. 0-0 Be7 6. Re1 b5 7. Bb3 0-0 8. h3 d6 9. c3 Nb8 10. d4 Nbd7 11. c4 c6 12. Qc2 Bb7 13. a3 Re8 14. c5 exd4 15. Ng5 Rf8 16. cxd6 Bxd6 17. f4 c5 18. Nxf7 Rxf7 19. Bxf7+ Kxf7 20. e5 Bc7 21. exf6 Qxf6 22. Qxh7 c4 23. Nd2 Nf8 24. Qh5+ g6 25. Qg4 Bxf4 26. Ne4 Bxe4 27. Rxe4 Bd6 28. Bg5 Qg7 29. Rf1+ Kg8 30. Bf6 Qf7 31. Be5 Qc7 32. Rxf8+ 1-0

[Event "Reykjavik op"]
[Site "Reykjavik"]
[Date "2025.04.10"]
[Round "2"]
[White "Adams, Henry"]
[Black "Hallsson, Jon Eggert"]
[Result "1-0"]
[WhiteElo "2077"]
[BlackElo "1869"]
[PlyCount "67"]
[EventDate "2025.04.09"]
[EventType "swiss"]
[EventRounds "9"]
[EventCountry "ISL"]
[SourceTitle "CB17_2025"]
[SourceDate "2025.04.23"]
[SourceVersion "1"]
[SourceVersionDate "2025.04.23"]
[SourceQuality "1"]

1. d4 e6 2. Nf3 f5 3. g3 Nf6 4. Bg2 Be7 5. 0-0 0-0 6. c4 d6 7. Nc3 Ne4 8. Nxe4 fxe4 9. Nd2 d5 10. f3 exf3 11. Nxf3 dxc4 12. Qc2 Nc6 13. Qxc4 Qd5 14. Qd3 Bf6 15. Be3 Qh5 16. Rad1 Kh8 17. Ng5 Nb4 18. Qb1 Nd5 19. Bc1 Bd7 20. Bf3 Qg6 21. Be4 Qh5 22. Bf3 Qg6 23. Be4 Qh5 24. Nxh7 Bxd4+ 25. Rxd4 Rxf1+ 26. Kxf1 Bb5 27. Bf3 Qxh2 28. Ng5 Bxe2+ 29. Bxe2 Kg8 30. Rh4 Rf8+ 31. Bf3 Rxf3+ 32. Nxf3 Qxg3 33. Qe4 Kf7 34. Ng5+ 1-0

[Event "Reykjavik op"]
[Site "Reykjavik"]
[Date "2025.04.10"]
[Round "3"]
[White "Kjartansson, Gudmundur"]
[Black "Adams, Henry"]
[Result "1-0"]
[WhiteElo "2450"]
[BlackElo "2077"]
[PlyCount "63"]
[EventDate "2025.04.09"]
[EventType "swiss"]
[EventRounds "9"]
[EventCountry "ISL"]
[SourceTitle "CB17_2025"]
[SourceDate "2025.04.23"]
[SourceVersion "1"]
[SourceVersionDate "2025.04.23"]
[SourceQuality "1"]

1. c4 Nf6 2. Nc3 e5 3. g3 d5 4. cxd5 Nxd5 5. Bg2 Nxc3 6. bxc3 Nc6 7. Rb1 Be7 8. d3 0-0 9. Nf3 Rb8 10. 0-0 Be6 11. Qa4 a6 12. Rd1 b5 13. Qc2 Qc8 14. Ng5 Bxg5 15. Bxg5 Na5 16. Qb2 f6 17. Be3 c6 18. Qa3 Qc7 19. Bc5 Rfd8 20. Be7 Rd7 21. Bb4 Nb7 22. Qxa6 Nd8 23. a4 Rb6 24. Qa5 Nb7 25. Qa7 c5 26. a5 Rbd6 27. a6 cxb4 28. axb7 Rb6 29. cxb4 Bd5 30. Qa8+ Qd8 31. Bxd5+ Rxd5 32. Rdc1 1-0

[Event "Reykjavik op"]
[Site "Reykjavik"]
[Date "2025.04.09"]
[Round "1"]
[White "Fantinel, Thibault"]
[Black "Adams, Henry"]
[Result "1-0"]
[WhiteElo "2411"]
[BlackElo "2077"]
[PlyCount "109"]
[EventDate "2025.04.09"]
[EventType "swiss"]
[EventRounds "9"]
[EventCountry "ISL"]
[SourceTitle "CB17_2025"]
[SourceDate "2025.04.23"]
[SourceVersion "1"]
[SourceVersionDate "2025.04.23"]
[SourceQuality "1"]

1. c4 Nf6 2. g3 e6 3. Bg2 d5 4. Nf3 dxc4 5. Qa4+ Nbd7 6. Qxc4 a6 7. Qc2 c5 8. Nc3 Be7 9. a4 0-0 10. 0-0 Rb8 11. a5 b5 12. axb6 Qxb6 13. d3 Bb7 14. Bf4 Bd6 15. Bxd6 Qxd6 16. Nd2 Bxg2 17. Kxg2 Nd5 18. Nc4 Qc6 19. Kg1 N7b6 20. Na5 Qc7 21. Ne4 Rfc8 22. Rfc1 Nd7 23. Qd2 Rb4 24. Nc4 Qc6 25. Ra5 Ra8 26. Rca1 h6 27. Qc1 Rb5 28. R5a3 Nb4 29. Ned6 Rbb8 30. Ra5 Qd5 31. Qf4 Nf6 32. Rc1 Nc6 33. Ne3 Qd4 34. Raxc5 Qxf4 35. gxf4 Nd4 36. Kf1 Rxb2 37. Nd1 Rd2 38. e3 Nb3 39. Rc8+ Rxc8 40. Rxc8+ Kh7 41. Ke1 Rxd3 42. Nxf7 Rd5 43. Rh8+ Kg6 44. Ne5+ Kh5 45. Nc3 Rc5 46. Ne2 a5 47. Kf1 Nd2+ 48. Kg2 Nde4 49. Nd4 Rc7 50. f3 Nd6 51. Kh3 Nf5 52. Ne2 Nd7 53. e4 Nxe5 54. exf5 Nxf3 55. Ng3# 1-0

[Event "Isle of Wight blitz op1"]
[Site "Isle of Wight"]
[Date "2025.02.19"]
[Round "4"]
[White "Adams, Henry"]
[Black "Khoury, Theo"]
[Result "0-1"]
[WhiteElo "1787"]
[BlackElo "2199"]
[PlyCount "75"]
[EventDate "2025.02.19"]
[EventType "swiss (blitz)"]
[EventRounds "7"]
[EventCountry "ENG"]
[SourceTitle "CB08_2025"]
[SourceDate "2025.02.19"]
[SourceVersion "1"]
[SourceVersionDate "2025.02.19"]
[SourceQuality "1"]

1. d4 d5 2. c4 e6 3. Nc3 Nf6 4. Nf3 Be7 5. Bg5 h6 6. Bh4 dxc4 7. e3 c5 8. Bxc4 cxd4 9. exd4 0-0 10. 0-0 Nc6 11. Rc1 a6 12. a4 b6 13. d5 exd5 14. Nxd5 Nxd5 15. Bxd5 Bxh4 16. Bxc6 Ra7 17. Nxh4 Qxh4 18. Qb3 Re7 19. Qxb6 Re5 20. Qc7 Qd4 21. b3 Bf5 22. Rfd1 Qb2 23. Bf3 Rfe8 24. h3 Qxb3 25. a5 Qe6 26. Qc6 Rxa5 27. Qb7 Qf6 28. Rc6 Qg5 29. Rxa6 Rxa6 30. Qxa6 Bxh3 31. Qd6 Be6 32. Ra1 Rd8 33. Qc7 Kh7 34. Be4+ g6 35. Bf3 h5 36. Re1 Rd7 37. Qc3 h4 38. Re5 0-1

[Event "Isle of Wight blitz op1"]
[Site "Isle of Wight"]
[Date "2025.02.19"]
[Round "2"]
[White "Adams, Henry"]
[Black "Kiese, Matthias"]
[Result "0-1"]
[WhiteElo "1787"]
[BlackElo "2111"]
[PlyCount "74"]
[EventDate "2025.02.19"]
[EventType "swiss (blitz)"]
[EventRounds "7"]
[EventCountry "ENG"]
[SourceTitle "CB08_2025"]
[SourceDate "2025.02.19"]
[SourceVersion "1"]
[SourceVersionDate "2025.02.19"]
[SourceQuality "1"]

1. d4 d5 2. c4 e6 3. Nc3 Nf6 4. cxd5 exd5 5. Bg5 Be7 6. e3 c6 7. Bd3 Nbd7 8. Nge2 Nf8 9. 0-0 Ne6 10. Bh4 0-0 11. Qc2 g6 12. Rad1 Ng7 13. f3 Bf5 14. e4 dxe4 15. fxe4 Bg4 16. e5 Nd5 17. Bxe7 Nxe7 18. Bc4 Be6 19. Qb3 Qb6 20. Bxe6 Nxe6 21. Qc4 Rad8 22. Ne4 Nf5 23. Rxf5 gxf5 24. Nd6 Rxd6 25. exd6 Rd8 26. Ng3 Rxd6 27. Nxf5 Rd7 28. Qc3 Qc7 29. Rd3 Qf4 30. Rf3 Qe4 31. Rg3+ Kf8 32. d5 Qxf5 33. Qa3+ c5 34. Qc3 Rxd5 35. h3 Qe5 36. Qa3 Nf4 37. Qxa7 Ne2+ 0-1

[Event "Isle of Wight blitz op1"]
[Site "Isle of Wight"]
[Date "2025.02.19"]
[Round "3"]
[White "Pai, Sidhanth"]
[Black "Adams, Henry"]
[Result "0-1"]
[WhiteElo "1665"]
[BlackElo "1787"]
[PlyCount "130"]
[EventDate "2025.02.19"]
[EventType "swiss (blitz)"]
[EventRounds "7"]
[EventCountry "ENG"]
[SourceTitle "CB08_2025"]
[SourceDate "2025.02.19"]
[SourceVersion "1"]
[SourceVersionDate "2025.02.19"]
[SourceQuality "1"]

1. d4 d5 2. Nf3 Nf6 3. g3 c5 4. Bg2 cxd4 5. 0-0 e6 6. Nxd4 Be7 7. Nd2 0-0 8. c4 Nc6 9. e3 Bd7 10. b3 Nxd4 11. exd4 Bc6 12. Bb2 Rc8 13. Rc1 dxc4 14. Nxc4 Bxg2 15. Kxg2 Nd5 16. Qf3 Bf6 17. Rfd1 Qd7 18. Ne5 Qe7 19. Rc4 Nb6 20. Rcc1 Rfd8 21. h4 h6 22. Ng4 Nd5 23. Ne5 a5 24. Qe2 Qb4 25. Rc4 Rxc4 26. Qxc4 Bxe5 27. dxe5 Qxc4 28. bxc4 Ne3+ 29. fxe3 Rxd1 30. Bd4 Rd2+ 31. Kf3 Rxa2 32. c5 Rc2 33. Ke4 a4 34. Kd3 Rg2 35. Kc4 a3 36. Kb3 a2 37. g4 Rxg4 38. Kxa2 Rxh4 39. Kb3 Rh1 40. Kb4 Rb1+ 41. Kc3 h5 42. Kc2 Rb5 43. e4 h4 44. Kd3 h3 45. Bg1 Rxc5 46. Ke2 h2 47. Bxc5 h1Q 48. Kd3 Qf3+ 49. Kd4 Qd1+ 50. Kc4 Qc2+ 51. Kd4 b5 52. Bd6 Qc4+ 53. Ke3 b4 54. Bxb4 Qxb4 55. Kf4 Qd4 56. Kf3 Qxe5 57. Ke3 f5 58. Kd3 Qxe4+ 59. Kd2 f4 60. Kc3 f3 61. Kb3 f2 62. Kc3 f1Q 63. Kb3 Qfd3+ 64. Kb2 Qee2+ 65. Kc1 Qdd1# 0-1

[Event "Isle of Wight op"]
[Site "Ryde"]
[Date "2025.02.19"]
[Round "3"]
[White "Radeva, Viktoria"]
[Black "Adams, Henry"]
[Result "1-0"]
[WhiteElo "2303"]
[BlackElo "2082"]
[PlyCount "67"]
[EventDate "2025.02.18"]
[EventType "swiss"]
[EventRounds "9"]
[EventCountry "ENG"]
[SourceTitle "CB09_2025"]
[SourceDate "2025.02.27"]
[SourceVersion "1"]
[SourceVersionDate "2025.02.27"]
[SourceQuality "1"]

1. e4 e6 2. d4 d5 3. e5 c5 4. c3 Nc6 5. Nf3 Bd7 6. Be2 Nge7 7. 0-0 Ng6 8. Re1 Be7 9. Be3 0-0 10. Nbd2 cxd4 11. cxd4 f6 12. exf6 Bxf6 13. Nb3 Be8 14. Nc5 Qe7 15. Rc1 Rd8 16. Nd3 Qd6 17. g3 b6 18. h4 e5 19. dxe5 Ncxe5 20. Nfxe5 Bxe5 21. Nxe5 Nxe5 22. Qd4 Qf6 23. Red1 Nf3+ 24. Bxf3 Qxf3 25. Rc7 Rf7 26. Rxf7 Bxf7 27. Rc1 Be6 28. Rc7 Rd7 29. Rc8+ Kf7 30. Qb4 Re7 31. Bg5 Bxc8 32. Qxe7+ Kg8 33. Bf4 Qd1+ 34. Kh2 1-0

[Event "Isle of Wight op"]
[Site "Ryde"]
[Date "2025.02.18"]
[Round "1"]
[White "Mittal, Advik"]
[Black "Adams, Henry"]
[Result "0-1"]
[WhiteElo "1732"]
[BlackElo "2082"]
[PlyCount "142"]
[EventDate "2025.02.18"]
[EventType "swiss"]
[EventRounds "9"]
[EventCountry "ENG"]
[SourceTitle "CB09_2025"]
[SourceDate "2025.02.27"]
[SourceVersion "1"]
[SourceVersionDate "2025.02.27"]
[SourceQuality "1"]

1. d4 Nf6 2. Bf4 d5 3. e3 e6 4. Nf3 Bd6 5. Ne5 0-0 6. Nd2 c5 7. c3 b6 8. Bd3 Bb7 9. g4 Ne4 10. Bxe4 dxe4 11. Ndc4 Be7 12. Nd2 cxd4 13. cxd4 f6 14. Nec4 Nc6 15. a3 Nxd4 16. exd4 e3 17. Nf3 Qd5 18. Nxe3 Qxf3 19. Qxf3 Bxf3 20. Rg1 Rfd8 21. Rg3 Bb7 22. Rc1 g5 23. Bc7 Rxd4 24. Nf1 Rc8 25. Rgc3 Rd7 26. Bg3 Rxc3 27. Rxc3 Bc5 28. Ne3 Bf3 29. Rc2 a5 30. Rd2 Rxd2 31. Kxd2 Bd4 32. b4 a4 33. Nc4 b5 34. Nd6 Bc6 35. Kc2 Kf8 36. f3 Ke7 37. Ne4 Bxe4+ 38. fxe4 f5 39. exf5 exf5 40. gxf5 Kf6 41. Kd3 Bb2 42. Ke4 Bxa3 43. Be5+ Kf7 44. Bc3 Bc1 45. Kd3 h5 46. Kc2 Bf4 47. h3 Bd6 48. Bd2 Kf6 49. Kd3 Kxf5 50. Kd4 a3 51. Kc3 Be5+ 52. Kb3 Bb2 53. Ka2 g4 54. hxg4+ Kxg4 55. Be3 h4 56. Bb6 h3 57. Bc7 Kf3 58. Bh2 Kg2 59. Bb8 h2 60. Bxh2 Kxh2 61. Kb3 Kg3 62. Ka2 Kf3 63. Kb3 Ke3 64. Ka2 Kd4 65. Kb3 Kd3 66. Ka2 Kc4 67. Kb1 Kxb4 68. Ka2 Bf6 69. Kb1 Kb3 70. Kc1 a2 71. Kd2 a1Q 0-1

[Event "Hastings Weekend op 98th"]
[Site "Hastings"]
[Date "2025.01.04"]
[Round "2"]
[White "Waterfield, Mark"]
[Black "Adams, Henry"]
[Result "0-1"]
[WhiteElo "1842"]
[BlackElo "2017"]
[PlyCount "68"]
[EventDate "2025.01.03"]
[EventType "swiss"]
[EventRounds "5"]
[EventCountry "ENG"]
[SourceTitle "CB03_2025"]
[SourceDate "2025.01.15"]
[SourceVersion "1"]
[SourceVersionDate "2025.01.15"]
[SourceQuality "1"]

1. e4 c6 2. Nc3 d5 3. Nf3 Bg4 4. h3 Bxf3 5. Qxf3 e6 6. Be2 Nf6 7. 0-0 Be7 8. Rd1 0-0 9. d4 Nbd7 10. Bf4 Rc8 11. Rd2 Bb4 12. e5 Ne4 13. Rdd1 Bxc3 14. bxc3 Qa5 15. Bd3 f5 16. exf6 Ndxf6 17. c4 g6 18. Bh6 Rf7 19. Qe3 Re8 20. f3 Nd6 21. Qe5 Nf5 22. Bd2 Qa4 23. Rdb1 a5 24. Bg5 Nd7 25. Qc7 Nc5 26. Qxf7+ Kxf7 27. dxc5 dxc4 28. Rxb7+ Kg8 29. Be4 Qa3 30. Rd1 Qxc5+ 31. Kh2 Nd6 32. Re7 Qxg5 33. Rxe8+ Nxe8 34. Bxc6 Nf6 0-1

[Event "Hastings Masters op 98th"]
[Site "Hastings"]
[Date "2025.01.03"]
[Round "9"]
[White "Bozinakis, Pavlos"]
[Black "Adams, Henry"]
[Result "1-0"]
[WhiteElo "2271"]
[BlackElo "1991"]
[PlyCount "77"]
[EventDate "2024.12.28"]
[EventType "swiss"]
[EventRounds "9"]
[EventCountry "ENG"]
[SourceTitle "CB02_2025"]
[SourceDate "2025.01.08"]
[SourceVersion "1"]
[SourceVersionDate "2025.01.08"]
[SourceQuality "1"]

1. e4 e5 2. Nf3 Nc6 3. Bb5 a6 4. Ba4 Nf6 5. 0-0 Be7 6. d3 b5 7. Bb3 d6 8. c3 0-0 9. a4 Bd7 10. Bc2 b4 11. a5 Rb8 12. Nbd2 d5 13. Re1 dxe4 14. dxe4 Rb5 15. Qe2 Rxa5 16. Rxa5 Nxa5 17. Qxa6 Nc6 18. Nc4 Bd6 19. h3 Qe7 20. Nxd6 Qxd6 21. Rd1 Qe7 22. Bg5 bxc3 23. bxc3 Qc5 24. Bxf6 Nb8 25. Qd3 gxf6 26. Nh4 Be6 27. Qf3 Qe7 28. Rd3 Rd8 29. Re3 Rd6 30. Qh5 Nd7 31. Rg3+ Kh8 32. Bd1 f5 33. exf5 Bc4 34. Bc2 Qf8 35. f6 Nxf6 36. Qxe5 Bd5 37. c4 Be4 38. Bxe4 Re6 39. Qc3 1-0

[Event "Hastings Masters op 98th"]
[Site "Hastings"]
[Date "2024.12.28"]
[Round "1"]
[White "Adams, Henry"]
[Black "Kim, Taewoo"]
[Result "1-0"]
[WhiteElo "1991"]
[BlackElo "1863"]
[PlyCount "144"]
[EventDate "2024.12.28"]
[EventType "swiss"]
[EventRounds "9"]
[EventCountry "ENG"]
[SourceTitle "CB02_2025"]
[SourceDate "2025.01.08"]
[SourceVersion "1"]
[SourceVersionDate "2025.01.08"]
[SourceQuality "1"]

1. d4 d5 2. Nf3 Bf5 3. g3 e6 4. Bg2 h6 5. 0-0 Nf6 6. c4 c6 7. Nc3 Nbd7 8. Nd2 Be7 9. e4 dxe4 10. Ndxe4 0-0 11. Qe2 Nxe4 12. Nxe4 Nf6 13. Rd1 Nxe4 14. Bxe4 Bxe4 15. Qxe4 Qc7 16. Bf4 Bd6 17. Bd2 a5 18. Rac1 Qe7 19. Qg4 Qf6 20. d5 exd5 21. cxd5 cxd5 22. Be3 Be5 23. Rxd5 Rfd8 24. Rb5 Bd4 25. Rxb7 Bxe3 26. fxe3 Rd2 27. Rf1 Qc6 28. Qf3 Qxf3 29. Rxf3 Rc8 30. Rbxf7 Rcc2 31. Rf2 Rxb2 32. Rf8+ Kh7 33. Rxd2 Rxd2 34. Rf2 Rd3 35. Re2 Kg6 36. Kf2 Kf5 37. Kf3 g5 38. g4+ Ke5 39. Rb2 a4 40. Rb5+ Kf6 41. Rb6+ Kg7 42. Rb2 Kf6 43. Ke4 Ra3 44. Kd4 Ke6 45. e4 Rh3 46. Rb6+ Kd7 47. Rb2 Ke6 48. e5 Rh4 49. Rb6+ Ke7 50. Kd5 Rxh2 51. Rb7+ Kd8 52. a3 Ra2 53. Kd6 Kc8 54. Rc7+ Kd8 55. Rc3 Rd2+ 56. Ke6 Rd4 57. Rg3 Rd2 58. Rh3 Rb2 59. Rd3+ Ke8 60. Rd4 Rb6+ 61. Kf5 Ra6 62. Rd6 Ra5 63. Rxh6 Kd7 64. Rb6 Kc7 65. Rb4 Kc6 66. Kf6 Kd5 67. e6 Ra6 68. Rb5+ Kc4 69. Rb8 Rd6 70. Kf7 Rd3 71. e7 Rf3+ 72. Kg6 Kd5 1-0

[Event "BCF-ch AM op"]
[Site "Hull"]
[Date "2024.08.03"]
[Round "6"]
[White "Adams, Henry"]
[Black "Sheikh, Anum"]
[Result "1-0"]
[WhiteElo "2000"]
[BlackElo "1862"]
[PlyCount "75"]
[EventDate "2024.07.29"]
[EventType "swiss"]
[EventRounds "6"]
[EventCountry "ENG"]
[SourceTitle "CBM 221 Extra"]
[Source "ChessBase"]
[SourceDate "2024.09.30"]
[SourceVersion "1"]
[SourceVersionDate "2024.09.30"]
[SourceQuality "1"]

1. d4 d5 2. Nf3 Nf6 3. g3 Bf5 4. Bg2 e6 5. 0-0 Be7 6. c4 c6 7. Nc3 h6 8. Nd2 Nbd7 9. e4 dxe4 10. Ndxe4 Nb6 11. b3 0-0 12. Bb2 a5 13. Nc5 Bxc5 14. dxc5 Qxd1 15. Raxd1 Nbd7 16. Na4 e5 17. Rfe1 Rfe8 18. Bc3 Re7 19. h3 h5 20. f4 e4 21. Kf2 Ra6 22. Rd2 Kf8 23. Ke3 Ne8 24. Red1 Nc7 25. Bf1 f6 26. Be2 Bxh3 27. Bxh5 Be6 28. Bg6 f5 29. g4 Nf6 30. Rd8+ Nce8 31. gxf5 Ng4+ 32. Ke2 Bf7 33. Rg1 Nh6 34. Be5 Bxg6 35. fxg6 Nf5 36. Rg5 Nh6 37. Bd6 Ra7 38. Nb6 1-0

[Event "BCF-ch Major"]
[Site "Hull"]
[Date "2024.07.31"]
[Round "5"]
[White "Adams, Henry"]
[Black "Jaunooby, Ali Reza"]
[Result "0-1"]
[WhiteElo "2000"]
[BlackElo "2145"]
[PlyCount "96"]
[EventDate "2024.07.27"]
[EventType "swiss"]
[EventRounds "9"]
[EventCountry "ENG"]
[SourceTitle "CBM 221 Extra"]
[Source "ChessBase"]
[SourceDate "2024.09.30"]
[SourceVersion "1"]
[SourceVersionDate "2024.09.30"]
[SourceQuality "1"]

1. d4 Nf6 2. Nf3 e6 3. g3 c5 4. Bg2 Nc6 5. c4 d5 6. 0-0 Qb6 7. dxc5 Bxc5 8. Nc3 Ne4 9. Nxe4 dxe4 10. Nd2 Bxf2+ 11. Kh1 f5 12. Bxe4 fxe4 13. Nxe4 0-0 14. e3 Ne5 15. Rxf2 Bd7 16. Rxf8+ Rxf8 17. Qd4 Rf1+ 18. Kg2 Rg1+ 19. Kf2 Qxd4 20. exd4 Rxc1 21. Rxc1 Nd3+ 22. Ke3 Nxc1 23. Nc3 e5 24. d5 Bf5 25. g4 Bg6 26. c5 Kf8 27. c6 bxc6 28. dxc6 Ke7 29. Kd2 Nxa2 30. Nxa2 Kd6 31. b4 Kxc6 32. Nc3 h6 33. Ke3 a6 34. Kf3 Bc2 35. Ke3 g5 36. Kd2 Bb3 37. Ke3 Bd5 38. Kf2 Kd6 39. Ke3 Bc6 40. Kf2 e4 41. Ke3 Ke5 42. h3 Bb5 43. Nxe4 Bf1 44. h4 gxh4 45. g5 Bg2 46. Nc5 hxg5 47. Nxa6 h3 48. Kf2 Bb7 0-1

[Event "BCF-ch AM op"]
[Site "Hull"]
[Date "2024.07.30"]
[Round "2"]
[White "Patton, Zachary"]
[Black "Adams, Henry"]
[Result "1-0"]
[WhiteElo "1871"]
[BlackElo "2000"]
[PlyCount "53"]
[EventDate "2024.07.29"]
[EventType "swiss"]
[EventRounds "6"]
[EventCountry "ENG"]
[SourceTitle "CBM 221 Extra"]
[Source "ChessBase"]
[SourceDate "2024.09.30"]
[SourceVersion "1"]
[SourceVersionDate "2024.09.30"]
[SourceQuality "1"]

1. e4 e5 2. Nf3 Nc6 3. d4 exd4 4. Nxd4 Bc5 5. Be3 Qf6 6. c3 Qg6 7. Nd2 Nf6 8. Qc2 Ng4 9. N2b3 Nxe3 10. fxe3 Bd6 11. 0-0-0 0-0 12. h4 Be5 13. g4 d6 14. g5 Bg4 15. Rd2 h5 16. Bc4 Rae8 17. Nf5 Ne7 18. Rf1 Kh8 19. Rdf2 a6 20. Nd2 b5 21. Bb3 c5 22. Bd5 Nxd5 23. exd5 Kg8 24. Ne7+ Rxe7 25. Qxg6 fxg6 26. Rxf8+ Kh7 27. Ra8 1-0

[Event "BCF-ch AM op"]
[Site "Hull"]
[Date "2024.07.29"]
[Round "1"]
[White "Adams, Henry"]
[Black "Lee, Alexandre KM"]
[Result "1-0"]
[WhiteElo "2000"]
[BlackElo "1858"]
[PlyCount "63"]
[EventDate "2024.07.29"]
[EventType "swiss"]
[EventRounds "6"]
[EventCountry "ENG"]
[SourceTitle "CBM 221 Extra"]
[Source "ChessBase"]
[SourceDate "2024.09.30"]
[SourceVersion "1"]
[SourceVersionDate "2024.09.30"]
[SourceQuality "1"]

1. d4 Nf6 2. Nf3 g6 3. c4 Bg7 4. Nc3 0-0 5. e4 d6 6. Be2 e5 7. 0-0 Nc6 8. d5 Ne7 9. Ne1 Nd7 10. Be3 f5 11. f3 f4 12. Bf2 Nf6 13. Nd3 g5 14. c5 Ng6 15. Rc1 Rf7 16. Qb3 Bf8 17. cxd6 cxd6 18. Nb5 a6 19. Nc7 Rxc7 20. Bb6 Rxc1 21. Bxd8 Rxf1+ 22. Bxf1 Kf7 23. Qb6 Nd7 24. Qc7 Be7 25. g3 Ke8 26. Bxe7 Kxe7 27. Bh3 Ngf8 28. Bf5 h6 29. b4 b6 30. b5 a5 31. Nb2 Rb8 32. Nc4 1-0

[Event "BCF-ch Major"]
[Site "Hull"]
[Date "2024.07.27"]
[Round "1"]
[White "Adams, Henry"]
[Black "Roul, Tushar"]
[Result "0-1"]
[WhiteElo "2000"]
[BlackElo "1783"]
[PlyCount "90"]
[EventDate "2024.07.27"]
[EventType "swiss"]
[EventRounds "9"]
[EventCountry "ENG"]
[SourceTitle "CBM 221 Extra"]
[Source "ChessBase"]
[SourceDate "2024.09.30"]
[SourceVersion "1"]
[SourceVersionDate "2024.09.30"]
[SourceQuality "1"]

1. d4 Nf6 2. Nf3 e6 3. g3 b6 4. Bg2 Bb7 5. 0-0 Be7 6. c4 0-0 7. Nc3 d5 8. Bg5 h6 9. Bxf6 Bxf6 10. cxd5 exd5 11. Qb3 c6 12. e4 dxe4 13. Nxe4 Be7 14. Rad1 Nd7 15. Rfe1 Qc7 16. Nc3 Nf6 17. Nh4 Rfe8 18. Nf5 Bf8 19. a4 Rad8 20. Ne3 a5 21. Re2 Ba6 22. Rc2 c5 23. Nb5 Bxb5 24. Qxb5 Ne4 25. Qb3 Qa7 26. d5 Nd6 27. h4 Be7 28. Re2 Bf6 29. Rde1 Kf8 30. Qd3 Kg8 31. h5 Qd7 32. b3 Bd4 33. Nc4 Nxc4 34. Qxc4 Kf8 35. Bf3 Rxe2 36. Rxe2 Qh3 37. Qb5 Qxg3+ 38. Bg2 Qg4 39. Qxb6 Rc8 40. Qa6 Kg8 41. Re4 Qd1+ 42. Bf1 Rb8 43. d6 Qf3 44. Qe2 Bxf2+ 45. Kh2 Qg3+ 0-1

[Event "London Mindsports op 4th"]
[Site "London"]
[Date "2024.07.20"]
[Round "5"]
[White "Adams, Henry"]
[Black "Murawski, Jan"]
[Result "1/2-1/2"]
[WhiteElo "2000"]
[BlackElo "2121"]
[PlyCount "78"]
[EventDate "2024.07.18"]
[EventType "swiss"]
[EventRounds "9"]
[EventCountry "ENG"]
[SourceTitle "EXT 2025"]
[Source "ChessBase"]
[SourceDate "2024.10.14"]
[SourceVersion "1"]
[SourceVersionDate "2024.10.14"]
[SourceQuality "1"]

1. d4 Nf6 2. Nf3 d5 3. g3 e6 4. Bg2 Be7 5. 0-0 0-0 6. c4 dxc4 7. Qc2 a6 8. a4 Nbd7 9. Qxc4 b5 10. Qd3 Bb7 11. axb5 Be4 12. Qb3 axb5 13. Rxa8 Qxa8 14. Nc3 Bc6 15. Ne1 Bxg2 16. Nxg2 b4 17. Nb1 Qb7 18. Nd2 c5 19. Nf3 Rc8 20. dxc5 Nxc5 21. Qc4 Qe4 22. Qb5 Nd5 23. Ne3 Nb3 24. Nd2 Nxd2 25. Bxd2 h5 26. Qb7 Rd8 27. Nxd5 exd5 28. h4 Bxh4 29. Qxb4 Bf6 30. Qxe4 dxe4 31. Ba5 Rb8 32. b4 Be7 33. Rb1 Rb5 34. e3 f5 35. Kf1 Kf7 36. Ke2 Ke6 37. Kd2 Rd5+ 38. Ke2 Rb5 39. Kd2 Rd5+ 1/2-1/2

[Event "London Mindsports op 4th"]
[Site "London"]
[Date "2024.07.20"]
[Round "4"]
[White "Karas, Eugenia"]
[Black "Adams, Henry"]
[Result "1-0"]
[WhiteElo "2173"]
[BlackElo "2000"]
[PlyCount "77"]
[EventDate "2024.07.18"]
[EventType "swiss"]
[EventRounds "9"]
[EventCountry "ENG"]
[SourceTitle "EXT 2025"]
[Source "ChessBase"]
[SourceDate "2024.10.14"]
[SourceVersion "1"]
[SourceVersionDate "2024.10.14"]
[SourceQuality "1"]

1. d4 d5 2. c4 e6 3. Nf3 Nf6 4. g3 Be7 5. Bg2 0-0 6. 0-0 dxc4 7. Qa4 a6 8. Qxc4 b5 9. Qc2 Bb7 10. Bd2 Be4 11. Qc1 c6 12. Be3 Nbd7 13. Nc3 Bg6 14. Nh4 Rc8 15. Nxg6 hxg6 16. Rd1 Nd5 17. Ne4 Qb6 18. Nc5 Rfd8 19. Bxd5 cxd5 20. Nxd7 Rxc1 21. Nxb6 Rc6 22. Bd2 Rxb6 23. Ba5 Rbd6 24. Bxd8 Bxd8 25. Rac1 a5 26. Rc8 f6 27. Rdc1 Kf7 28. a3 e5 29. Rb8 Bb6 30. Rb7+ Ke6 31. dxe5 fxe5 32. Rxg7 Kf6 33. Rb7 d4 34. Rb8 Kf7 35. Rbc8 d3 36. exd3 Rxd3 37. R1c6 Bd8 38. Rb8 Rd5 39. Rb7+ 1-0

[Event "London Mindsports op 4th"]
[Site "London"]
[Date "2024.07.19"]
[Round "3"]
[White "Adams, Henry"]
[Black "Liu, Tianyi"]
[Result "1/2-1/2"]
[WhiteElo "2000"]
[BlackElo "2098"]
[PlyCount "57"]
[EventDate "2024.07.18"]
[EventType "swiss"]
[EventRounds "9"]
[EventCountry "ENG"]
[SourceTitle "EXT 2025"]
[Source "ChessBase"]
[SourceDate "2024.10.14"]
[SourceVersion "1"]
[SourceVersionDate "2024.10.14"]
[SourceQuality "1"]

1. d4 Nf6 2. Nf3 g6 3. g3 Bg7 4. Bg2 0-0 5. c4 d5 6. cxd5 Nxd5 7. e4 Nb6 8. 0-0 Bg4 9. d5 Qd7 10. Nc3 c6 11. Bf4 Na6 12. dxc6 Qxd1 13. Rfxd1 bxc6 14. h3 Bxf3 15. Bxf3 Nc5 16. Be3 Ne6 17. Be2 Rfd8 18. Rac1 Nd4 19. Bf1 Rd6 20. Kg2 Rad8 21. b3 e5 22. f3 h5 23. Kf2 Kh7 24. Ne2 Bh6 25. Bxh6 Kxh6 26. Nxd4 Rxd4 27. Rxd4 Rxd4 28. Rxc6 Rd2+ 29. Be2 1/2-1/2